| 000 | 00433cam a2200169ua 4500 | ||
|---|---|---|---|
| 020 | _cRe 1.00 | ||
| 041 |
_amal _h |
||
| 082 |
_a894.812 308 _bSAR/RU |
||
| 100 | _aSaraswathi, V . | ||
| 245 | 0 | 0 |
_aRussiayile nadodi kadhakal / _cV Saraswathi. _hTextual Documents |
| 260 |
_aThiruvananthapuram : _bBalan Publications , _c1963. |
||
| 300 | _a76 ; . | ||
| 365 | _aRe 1.00 | ||
| 504 | _a | ||
| 942 | _cBK | ||
| 999 |
_c970 _d970 |
||